[Event "HUN-chT U18"]
[Site "Miskolc"]
[Date "2008.10.31"]
[Round "8.13"]
[White "Kiraly, Zoltan"]
[Black "Toth, Daniel Tibor"]
[Result "0-1"]
[WhiteElo "1825"]
[BlackElo "1940"]
[PlyCount "100"]
[EventDate "2008.10.27"]
[EventType "team-swiss"]
[EventRounds "8"]
[EventCountry "HUN"]
[SourceTitle "EXT 2016"]
[Source "ChessBase"]
[SourceDate "2015.10.08"]
[SourceVersion "1"]
[SourceVersionDate "2015.10.08"]
[SourceQuality "1"]

1. d4 e6 2. Nf3 b6 3. c4 Bb7 4. a3 Nf6 5. Nc3 Be7 6. Bg5 0-0 7. e3 Ne4 8. Bxe7 Qxe7 9. Nxe4 Bxe4 10. Bd3 Bxd3 11. Qxd3 Nc6 12. 0-0 Rad8 13. Rac1 e5 14. dxe5 Nxe5 15. Nxe5 Qxe5 16. Qc2 d6 17. Rfd1 f5 18. Qc3 Rde8 19. Qxe5 Rxe5 20. Rd4 g5 21. g3 Rfe8 22. Rcd1 Kf7 23. Rd5 Kf6 24. Rxe5 Rxe5 25. Kg2 b5 26. cxb5 Rxb5 27. Rd2 Ke6 28. Kf3 h5 29. h3 c5 30. Ke2 d5 31. Kd3 f4 32. Kc2 Ke5 33. gxf4+ gxf4 34. exf4+ Ke4 35. Rd3 d4 36. b3 Rb7 37. Kd2 a5 38. Rg3 a4 39. Kc2 axb3+ 40. Rxb3 Rf7 41. Kd2 Rxf4 42. Ke2 Rf7 43. Rb8 d3+ 44. Ke1 c4 45. Rc8 Kd4 46. a4 Kc3 47. Rd8 Rb7 48. f4 Rb1+ 49. Kf2 d2 50. Ke2 Re1+ 0-1

[Event "Ajka Borostyan Cup"]
[Site "Ajka"]
[Date "2008.07.15"]
[Round "4"]
[White "Finy, Mark"]
[Black "Toth, Daniel Tibor"]
[Result "1-0"]
[WhiteElo "1831"]
[BlackElo "1954"]
[PlyCount "45"]
[EventDate "2008.07.12"]
[EventType "swiss"]
[EventRounds "9"]
[EventCountry "HUN"]
[SourceTitle "EXT 2011"]
[Source "ChessBase"]
[SourceDate "2010.11.26"]
[SourceVersion "1"]
[SourceVersionDate "2010.11.26"]
[SourceQuality "1"]

1. d4 g6 2. c4 d6 3. Nc3 Bg7 4. e4 Nf6 5. f3 0-0 6. Bd3 Nc6 7. Be3 Bd7 8. Nge2 a6 9. 0-0 Na7 10. a4 Rb8 11. b4 b6 12. b5 a5 13. c5 dxc5 14. dxc5 bxc5 15. Bxc5 Nc8 16. Rb1 Nb6 17. Nf4 Re8 18. e5 Nh5 19. Nxh5 Bxe5 20. Qc2 Bxc3 21. Qxc3 g5 22. Qe5 f5 23. Bd4 1-0